Geologické a banícke know-how a racionalita ťažby

Zhrnutie základných faktov z oblasti geológie a baníctva na Slovensku. Pohľad na niektoré hlavné ukazovatele a výrubnosť ložísk. Ložisko Lubeník. Pravidlá určujúce stratégiu v baníctve. Problémy získavania nových ložísk. Boj o získanie bohatých ložísk. Poukázanie na príčiny zaostávania slovenského b...

Descrizione completa

Salvato in:
Dettagli Bibliografici
Autore principale: Gánovský, Juraj
Natura: Libro
Lingua:slovacco
Soggetti:
Tags: Aggiungi Tag
Nessun Tag, puoi essere il primo ad aggiungerne!!

MARC

LEADER 00000nam a2200000 4500
001 r030607
005 20230921083442.2
041 0 |a slo 
044 |a SK 
245 1 0 |a Geologické a banícke know-how a racionalita ťažby  |c Juraj Gánovský 
520 |a Zhrnutie základných faktov z oblasti geológie a baníctva na Slovensku. Pohľad na niektoré hlavné ukazovatele a výrubnosť ložísk. Ložisko Lubeník. Pravidlá určujúce stratégiu v baníctve. Problémy získavania nových ložísk. Boj o získanie bohatých ložísk. Poukázanie na príčiny zaostávania slovenského baníctva. 
610 2 0 |a baníctvo 
610 2 0 |a bane 
610 2 0 |a bane rudné 
610 2 0 |a Slovensko 
610 2 0 |a ťažba nerastov 
610 2 0 |a ťažba surovín 
610 2 0 |a geológia 
610 2 0 |a suroviny nerastné 
610 2 0 |a Lubeník 
610 2 0 |a mechanizácia 
100 1 |a Gánovský, Juraj